000 00274nam a2200121Ia 4500
008 190216s9999||||xx |||||||||||||| ||und||
100 _aIrving Kaplan
245 0 _aNuclear Physics
260 _bNarosa Pubs House
_c1998
300 _a770p
650 _aPhysics
942 _cBK
999 _c32837
_d32837